000 00358nam a22001457a 4500
003 MACL
005 20200702152740.0
008 200702b xxu||||| |||| 00| 0 eng d
040 _c MACL
100 _aKota, Rajesh
_978814
245 _aDalit Movement and Radical Left
260 _aJaipur
_bRawat Pub
_c2019
650 _aCaste
_936270
942 _2ddc
_cBK
999 _c62532
_d62532